Eurodance Artists by Song - Statistics

General Stats
  • This quiz has been taken 57 times
  • The average score is 12 of 22
Answer Stats
Year Song Artist % Correct
1997 Barbie Girl Aqua
93%
1993 What Is Love Haddaway
82%
1993 Rhythm of the Night Corona
77%
2010 Only Girl (In the World) Rihanna
73%
1992 Rhythm Is A Dancer Snap!
73%
1999 Boom, Boom, Boom, Boom!! Vengaboys
70%
1994 Cotton Eye Joe Rednex
68%
1999 Blue (Da Ba Dee) Eiffel 65
66%
1993 Mr. Vain Culture Beat
61%
1996 Coco Jamboo Mr. President
61%
1993 No Limit 2 Unlimited
59%
2011 Mr. Saxobeat Alexandra Stan
59%
1989 Pump Up the Jam Technotronic
59%
1995 Beautiful Life Ace Of Base
57%
2009 Evacuate the Dancefloor Cascada
52%
2000 Around the World (La La La La La) ATC
50%
2002 All the Things She Said t.A.T.u.
48%
2011 Rain Over Me Pitbull
36%
1994 Another Night Real McCoy
34%
2006 Cry for You September
27%
1991 Strike It Up Black Box
16%
2011 Down for Whatever Kelly Rowland
14%
No matching quizzes found
Score Distribution
Percent of People with Each Score
Percentile by Number Answered
Your Score History
You have not taken this quiz